| 000 | 00560nam a22002177a 4500 | ||
|---|---|---|---|
| 999 |
_c6755 _d6755 |
||
| 001 | 6755 | ||
| 003 | BD-JhCC | ||
| 005 | 20210329134019.0 | ||
| 008 | 180129b xxu||||| |||| 00| 0 eng d | ||
| 035 | _a(BD-JhCC)6755 | ||
| 040 |
_aBD-JhCC _dBD-JhCC |
||
| 041 | _aeng | ||
| 082 |
_a510 _bSOL 1997 |
||
| 100 | _aSolomon, R. C. | ||
| 245 |
_aAdvaced Level Mathematics / _cR. C. Solomon |
||
| 260 |
_aLondon : _bHillman Printers ( frome ) Ltd. _c1977. |
||
| 300 |
_a478 p. : _bills; _c25 cm. |
||
| 650 | _aMathematices | ||
| 942 |
_2ddc _cBK _02 |
||